| 000 | 00000nam 2200000za 4500 |
| 001 | 9.856077 |
| 003 | CaOODSP |
| 005 | 20221107155444 |
| 007 | cr ||||||||||| |
| 008 | 180502s2018 onc ob f000 0 eng d |
| 040 | |aCaOODSP|beng |
| 041 | |aeng|bfre |
| 043 | |an-cn--- |
| 086 | 1 |aFB3-6/2018-5E-PDF |
| 100 | 1 |aDavoodalhosseini, S. Mohammad R. |
| 245 | 12|aA policy framework for e-money |h[electronic resource] : |ba report on Bank of Canada research / |cby Mohammad Davoodalhosseini and Francisco Rivadeneyra. |
| 260 | |a[Ottawa] : |bBank of Canada, |c2018. |
| 300 | |aii, 21 p. |
| 490 | 1 |aBank of Canada staff discussion paper, |x1914-0568 ; |v2018-5 |
| 500 | |a"April 2018." |
| 504 | |aIncludes bibliographical references. |
| 520 | 3 |a"We present a policy framework for electronic money and payments. The framework poses a set of positive questions related to the areas of responsibility of central banks: payments systems, monetary policy and financial stability. The questions are posed to four broad forms of e-money: privately or publicly issued, and with centralized or decentralized verification of transactions. This framework is intended to help evaluate the trade-offs that central banks face in the decision to issue new forms of e-money"--Abstract, p. ii. |
| 546 | |aIncludes abstract in French. |
| 693 | 4|aElectronic funds transfers |
| 693 | 4|aMonetary policy |
| 700 | 1 |aRivadeneyra, Francisco. |
| 710 | 2 |aBank of Canada. |
| 830 | #0|aStaff discussion paper (Bank of Canada)|x1914-0568 ; |v2018-5.|w(CaOODSP)9.806273 |
| 856 | 40|qPDF|s766 KB|uhttps://publications.gc.ca/collections/collection_2018/banque-bank-canada/FB3-6-2018-5-eng.pdf |